Taylor Swift - Paroles The Archer - Statistiques

Statistiques générales
  • Ce quiz a été pris 133 fois
  • Le résultat moyen est 250 sur 291
Statistiques - réponses
Hint Réponse % Correct
a
99%
I
99%
(I
99%
archer
98%
the
98%
The
98%
I've
96%
Who
96%
who
96%
you
96%
You
96%
been
95%
but
95%
But
95%
could
95%
me
95%
me,
95%
me)
95%
me?
95%
stay?
95%
stay
95%
they
95%
They
95%
ever
94%
for
94%
leave
94%
darling?
93%
right,
93%
right
93%
see
93%
prey
91%
to
91%
on
90%
through
90%
'Cause
89%
do?
89%
if
89%
I'm
89%
what
88%
all
86%
Pré-refrain All
86%
go
86%
of
86%
ready
86%
in
85%
And
84%
and
84%
Couplet 1 | Outro Combat,
84%
combat
84%
don't
84%
hold
84%
that,
84%
say
83%
come,
81%
want
81%
my
80%
Can
79%
Pré-refrain Easy
79%
easy
79%
movies
79%
friends
78%
Help
78%
alone
77%
king's
77%
said
74%
started
74%
cruelty
73%
jump
73%
out
73%
Screaming,
73%
your
73%
got
72%
off
72%
so
72%
hundred
70%
never
70%
almost
69%
enemies
69%
men
69%
onto
69%
up,
69%
wins
69%
again
68%
Couplet 2 Dark
68%
dark
68%
horses,
68%
die
67%
is
67%
search
65%
together
65%
Couldn't
64%
fire,
64%
from
64%
it's
64%
like
64%
side,
64%
side
64%
years
64%
heroes
63%
face
62%
ghost
62%
grew
62%
night,
62%
old
62%
train,
62%
invisible
60%
getting
59%
hate
59%
here?
59%
put
59%
reflection
59%
room
59%
speeches
59%
wake
59%
alright,
58%
ride
56%
cut
54%
just
54%
Then
52%
pace
51%
smoke
51%
nose
48%
spite
38%
thrown
35%
Aucun quiz correspondant
Distribution des résultats
% des personnes avec chaque résultat
Percentile par nombre de réponses
Votre historique - résultats
Vous n’avez pas pris ce quiz